| 000 | 00598ntaaa2200205 4500 | ||
|---|---|---|---|
| 003 | 01 | ||
| 005 | 20251027202303.0 | ||
| 008 | 0714s1973 ag 01 | ||
| 040 |
_aAR-BaBN _bspa _cAR-BaBN _eaacr _dRIC |
||
| 082 | _a274.0000 B26 | ||
| 100 |
_aBarnes, Lemuel Call _921310 |
||
| 245 | _aTwo thousand years of missions before Carey | ||
| 250 | _a1 ed. | ||
| 260 |
_aPhiladelphia : _bAmerican Baptist Publication Society, _cc1900 |
||
| 300 | _a504 p | ||
| 500 | _aBased upon and embodying many of the earliest extant accounts | ||
| 650 | _amisiones | ||
| 650 | _ahistoria eclesiƔstica | ||
| 942 | _cBK | ||
| 999 |
_c17634 _d17634 |
||